000 00871nam a22001697a 4500
003 OSt
005 20251124152340.0
008 251124b |||||||| |||| 00| 0 eng d
040 _cDCL
082 _a၂၉၄.၃၈၂၃၄
130 _aတိပိဋက။
_pသုတ္တန္တပိဋက။
_pအင်္ဂုတ္တရနိကာယ။
_tအင်္ဂုတ္ထိုရ်၊
_lအဋ္ဌကထာ။
245 _aအင်္ဂုတ္တိုရ်ဋ္ဌကထာ၊
_nဒုတိယတွဲ ။
264 _aရန်ကုန် ၊
_bသာသနာရေးဦးစီး ၊
_c၁၉၇၀။
300 _aတ၊ ၄၉၃ စာမျက်နှာ ၊
_c၂၅ စင်တီ။
650 _aအင်္ဂုတ္တိုရ်
_vအဋ္ဌကထာ။
942 _2ddc
_cSHORT TERM
_n0
999 _c2604
_d2604